000 01161nam a22002657a 4500
003 OSt
005 20230124140720.0
007 cr ||||||a|c|a
008 230120b2021 mx ||||fom||| 001 0 spa d
040 _erda
100 1 _9132040
_aNuñez Terrones, Elvira
245 1 _aLuchas jurídicas hegemónicas frente al despojo global:
_bterritorios en resistencia en La Huasteca Potosina, México /
_cpor Elvira Nuñez Terrones; director de tesis Juan De la Fuente Hernández
264 1 _aChapingo, México :
_bEl autor,
_c2021.
300 _a1 recurso en línea (236 páginas).
_bmapas
336 _2rdacontent
_atexto
_btxt
337 _2rdamedia
_acomputadora
_bc
338 _2rdacarrier
_arecurso en línea
_bcr
502 _bDCCA
_cSociología
_d2021.
_gDOC
504 _aIncluye referencias bibliográficas: páginas 213-229
650 4 _9131183
_aDerechos civiles
_zMéxico
650 4 _9113197
_aTierras
_xTenencia
_xSan Luis Potosí
700 1 _9176020
_aDe la Fuente Hernández, Juan
_eDirector de tesis
856 _uhttp://10.13.5.2/tesis/td/2021_SR_Nunez_Terrones_Elvira.pdf
_zDESCARGAR PDF
942 _2Clasificación Universidad Autónoma Chapingo
_cTD
999 _c218122
_d218122